| 000 | 00864nam a2200205 a 4500 | ||
|---|---|---|---|
| 001 | 000017029 | ||
| 005 | 20200929165016.0 | ||
| 008 | 100316s2000 dr acd 001 0 spa d | ||
| 040 |
_aDO-SdBNP _bspa _cBNPHU |
||
| 082 |
_a351.097293 _bN964r |
||
| 245 | 1 | 3 |
_aLa nueva República Dominicana : _bmemoria de una gestión 1996 - 2000 / _cedición Catalina Obregón. |
| 260 |
_aColombia : _bGamma, _c2000. _fPanamericana |
||
| 300 |
_a198 p. : _bil., retrs., gráf. ; _c29 cm. |
||
| 651 | 4 |
_aRepública Dominicana _xObras Públicas _y1996-2000 _xObras Ilustradas _937581 |
|
| 650 | 4 |
_aAdministración pública _zRepública Dominicana _y1996-2000 _937582 |
|
| 651 | 4 |
_aRepública Dominicana _xPolítica Y Gobierno _y1996-2000 _937583 |
|
| 700 | 1 |
_aOblegón, Catalina _eed. _937584 |
|
| 710 | 1 |
_aRepública Dominicana _bPresidencia de la República Dominicana _937585 |
|
| 049 | _aBNPD | ||
| 999 |
_c16555 _d16555 |
||